LIBRARY & INFORMATION CENTRE, KCAET, TAVANUR

ONLINE PUBLIC ACCESS CATALOGUE (OPAC)

GEOPHYSICAL TECHNIQUES FOR AQUIFEER CHARACTERESTICS STUDIES-A CASE STUDY OF TAVANUR GRAMA PANCHAYAT,MALAPPURAM,KERALA (Record no. 17722)

MARC details
000 -LEADER
fixed length control field 00510nam a22001577a 4500
003 - CONTROL NUMBER IDENTIFIER
control field OSt
082 ## - DEWEY DECIMAL CLASSIFICATION NUMBER
Classification number 631.587
Item number APA
088 ## - REPORT NUMBER
Report number 584
100 ## - MAIN ENTRY--AUTHOR NAME
Personal name APARNA
-- HARIPRIYA
-- MANCHIMA .S.LAL
-- MEGHA.P P
245 ## - TITLE STATEMENT
Title GEOPHYSICAL TECHNIQUES FOR AQUIFEER CHARACTERESTICS STUDIES-A CASE STUDY OF TAVANUR GRAMA PANCHAYAT,MALAPPURAM,KERALA
260 ## - PUBLICATION, DISTRIBUTION, ETC. (IMPRINT)
Place of publication TAVANUR
Name of publisher DEPARTMENT OF IRRIGATION AND DRAINAGE ENGINEERING
Year of publication 2023
300 ## - PHYSICAL DESCRIPTION
Number of Pages 63
700 ## - ADDED ENTRY--PERSONAL NAME
Personal name SAJEENA.S (Guide)
700 ## - ADDED ENTRY--PERSONAL NAME
Personal name NAMITHA.M.R
942 ## - ADDED ENTRY ELEMENTS (KOHA)
Koha item type Project Report
Holdings
Collection code Home library Current library Full call number Accession Number Koha item type
Reference KAUAET KAUAET 631.587 APA P 584 Project Report
free website counter